书目信息 |
| 题名: |
焦点解决短程治疗
|
|
| 作者: | 拉特纳 , 乔治 , 艾夫森 著 ;赵然 译 | |
| 分册: | ||
| 出版信息: | 北京 化学工业出版社 2017.09 |
|
| 页数: | 251页 | |
| 开本: | 24cm | |
| 丛书名: | 心理咨询与治疗100个关键点译丛 | |
| 单 册: | ||
| 中图分类: | R395.6 | |
| 科图分类: | ||
| 主题词: | 心理咨询--xin li zi xun , 精神疗法--jing shen liao fa | |
| 电子资源: | ||
| ISBN: | 978-7-122-29728-0 | |
| 000 | 01716nam 2200349 450 | |
| 001 | 0100001023 | |
| 005 | 20211222103545.11 | |
| 010 | @a978-7-122-29728-0@dCNY59.80 | |
| 100 | @a20170927d2017 em y0chiy50 ea | |
| 101 | 1 | @achi@ceng |
| 102 | @aCN@b110000 | |
| 105 | @ay a 000yy | |
| 200 | 1 | @a焦点解决短程治疗@Ajiao dian jie jue duan cheng zhi liao@e100个关键点与技巧@f(英) 哈维·拉特纳, 埃文·乔治, 克里斯·艾夫森著@d= Solution focused brief therapy@e100 key points & techniques@fHarvey Ratner, Evan George, Chris Iveson@g赵然 ... [等] 译@zeng |
| 210 | @a北京@c化学工业出版社@d2017.09 | |
| 215 | @a251页@d24cm | |
| 225 | 2 | @a心理咨询与治疗100个关键点译丛@Axin li zi xun yu zhi liao 100 ge guan jian dian yi cong |
| 300 | @a中央财经大学应用心理专硕 (MAP) 专业建设成果 | |
| 306 | @a由Taylor & Francis Group授权出版 | |
| 320 | @a有书目 (第244-248页) | |
| 330 | @a《焦点解决短程治疗: 100个关键点与技巧》以简洁、易懂的语言介绍了焦点解决短程治疗方法的思想和实践, 以及它如何让人在生活中产生高效迅速的改变。全书内容涵盖以下几个部分: 背景、焦点解决会谈的特点、开始咨询、来访者期待的未来、建立合约、什么时候发生过? 成功的例子等。 | |
| 410 | 0 | @12001 @a心理咨询与治疗100个关键点译丛 |
| 500 | 10 | @aSolution focused brief therapy : 100 key points & techniques@mChinese |
| 517 | 1 | @a100个关键点与技巧@A100 ge guan jian dian yu ji qiao |
| 606 | 0 | @a心理咨询@Axin li zi xun |
| 606 | 0 | @a精神疗法@Ajing shen liao fa |
| 690 | @aR395.6@v5 | |
| 701 | 1 | @a拉特纳@Ala te na@g(Ratner, Harvey)@4著 |
| 701 | 1 | @a乔治@Aqiao zhi@g(George, Evan)@4著 |
| 701 | 1 | @a艾夫森@Aai fu sen@g(Iveson, Chris)@4著 |
| 702 | 0 | @a赵然@Azhao ran@4译 |
| 801 | 0 | @aCN@c20180910 |
| 905 | @a河南城建学院图书馆@dR395.6@eL012 | |
| 焦点解决短程治疗:100个关键点与技巧/(英) 哈维·拉特纳, 埃文·乔治, 克里斯·艾夫森著= Solution focused brief therapy:100 key points & techniques/Harvey Ratner, Evan George, Chris Iveson/赵然 ... [等] 译.-北京:化学工业出版社,2017.09 |
| 251页;24cm.-(心理咨询与治疗100个关键点译丛) |
| 中央财经大学应用心理专硕 (MAP) 专业建设成果 |
| ISBN 978-7-122-29728-0:CNY59.80 |
| 《焦点解决短程治疗: 100个关键点与技巧》以简洁、易懂的语言介绍了焦点解决短程治疗方法的思想和实践, 以及它如何让人在生活中产生高效迅速的改变。全书内容涵盖以下几个部分: 背景、焦点解决会谈的特点、开始咨询、来访者期待的未来、建立合约、什么时候发生过? 成功的例子等。 |
| ● |
| 相关链接 |
|
|
|
正题名:焦点解决短程治疗
索取号:R395.6/L012
 
预约/预借
| 序号 | 登录号 | 条形码 | 馆藏地/架位号 | 状态 | 备注 |
| 1 | 1385440 | 213854408 | 自科库401/401自科库 15排3列5层/ [索取号:R395.6/L012] | 在馆 | |
| 2 | 1385441 | 213854417 | 自科库401/401自科库 15排3列5层/ [索取号:R395.6/L012] | 在馆 | |
| 3 | 1503351 | 215033513 | 管理学院资料室/ [索取号:R395.6/L012] | 在馆 |